| 000 | 01590cam a2200457 i 4500 | ||
|---|---|---|---|
| 001 | 18885470 | ||
| 003 | NUST | ||
| 005 | 20220301104747.0 | ||
| 008 | 151204s2016 enk b 001 0 eng c | ||
| 010 | _a 2015959295 | ||
| 020 |
_a9781446298350 _q(pbk) |
||
| 020 |
_a1446298353 _q(pbk) |
||
| 020 | _a9781446298343 | ||
| 020 | _a1446298345 | ||
| 035 | _a(OCoLC)ocn950956232 | ||
| 038 | _awaseem | ||
| 040 |
_aBTCTA _beng _cBTCTA _erda _dBDX _dYDX _dOCLCO _dOCLCF _dTXA _dOCL _dCHVBK _dOCLCO _dDLC |
||
| 042 | _apcc | ||
| 050 | 0 | 0 |
_aHF5381 _b.N4214 2016 |
| 082 |
_a657.14 _bNEU |
||
| 100 | 1 |
_aNeugebauer, John, _e[author] _989936 |
|
| 245 | 1 | 0 |
_aEmployability : _bmaking the most of your career development / _cJohn Neugebauer & Jane Evans-Brain. |
| 264 | 1 |
_aLos Angeles : _bSage, _c2016. |
|
| 300 |
_axii, 186 pages ; _c24 cm |
||
| 336 |
_atext _btxt _2rdacontent |
||
| 337 |
_aunmediated _bn _2rdamedia |
||
| 338 |
_avolume _bnc _2rdacarrier |
||
| 504 | _aIncludes bibliographical references (pages 167-179) and index. | ||
| 563 | _aPBK. | ||
| 650 | 0 |
_aEmployability. _989937 |
|
| 650 | 0 |
_aCareer development. _989938 |
|
| 650 | 7 |
_aCareer development _2fast _0(OCoLC)fst00847280 _989938 |
|
| 650 | 7 |
_aEmployability. _2fast _0(OCoLC)fst01738976 _989937 |
|
| 650 | 7 |
_aBewerbung _2gnd _989939 |
|
| 650 | 7 |
_aBeschäftigungsfähigkeit _2gnd _989940 |
|
| 700 | 1 |
_aEvans-Brain, Jane, _eauthor. _989941 |
|
| 906 |
_a7 _bcbc _cpccadap _d2 _encip _f20 _gy-gencatlg |
||
| 942 |
_2ddc _cBK |
||
| 999 |
_c588422 _d588422 |
||